[Event "British Columbia-Washington"]
[Site "Victoria"]
[Date "2020.01.17"]
[Round "1.8"]
[White "Wu, Howard"]
[Black "Mahajan, Rushaan"]
[Result "0-1"]
[WhiteElo "2029"]
[BlackElo "2006"]
[PlyCount "66"]
[EventDate "2020.01.17"]
[EventType "team-match"]
[EventRounds "5"]
[EventCountry "CAN"]
[SourceTitle "EXT 2023"]
[Source "ChessBase"]
[SourceDate "2022.10.05"]
[SourceVersion "1"]
[SourceVersionDate "2022.10.05"]
[SourceQuality "1"]
[WhiteTeam "British Columbia"]
[BlackTeam "Washington"]
[WhiteTeamCountry "CAN"]
[BlackTeamCountry "USA"]

1. e4 c6 2. d4 d5 3. exd5 cxd5 4. c4 Nf6 5. Nc3 e6 6. Nf3 Be7 7. cxd5 Nxd5 8. Bd3 Nc6 9. 0-0 Bf6 10. Ne4 Bxd4 11. Nxd4 Nxd4 12. Qa4+ Nc6 13. Bb5 0-0 14. Bxc6 Nb6 15. Qc2 bxc6 16. Be3 Qc7 17. Rfd1 Nd5 18. Bc5 Rd8 19. Ng5 g6 20. Qe4 h6 21. Nf3 Ba6 22. g3 Rab8 23. Bd4 Rb4 24. a3 Ra4 25. Rac1 c5 26. b3 Rxa3 27. Bxc5 Rxb3 28. Bd4 Nc3 29. Bxc3 Rxd1+ 30. Rxd1 Rxc3 31. Ne5 Rc1 32. Re1 Qc3 33. Nf3 Qxf3 0-1

[Event "Richmond Keres Memorial 44th"]
[Site "Richmond"]
[Date "2019.05.18"]
[Round "1"]
[White "Wu, Howard"]
[Black "Li, Kevin"]
[Result "1-0"]
[WhiteElo "2114"]
[BlackElo "1954"]
[PlyCount "61"]
[EventDate "2019.05.18"]
[EventType "swiss"]
[EventRounds "6"]
[EventCountry "CAN"]
[SourceTitle "CBM 190 Extra"]
[Source "ChessBase"]
[SourceDate "2019.07.15"]
[SourceVersion "1"]
[SourceVersionDate "2019.07.15"]
[SourceQuality "1"]

1. Nf3 e6 2. g3 d5 3. Bg2 Nf6 4. 0-0 c5 5. c4 Be7 6. cxd5 exd5 7. d4 b6 8. Nc3 0-0 9. Bf4 Bb7 10. Ne5 Na6 11. Qa4 cxd4 12. Qxd4 Nc5 13. Rad1 Ne6 14. Qa4 Nxf4 15. Qxf4 Re8 16. Ng4 Rc8 17. Nxf6+ Bxf6 18. Nxd5 Bxd5 19. Bxd5 Qe7 20. e4 Bxb2 21. Rd3 Rc7 22. Rfd1 g6 23. Qd2 Qf6 24. Qe2 Rec8 25. Rf3 Qe5 26. Bb3 Bc3 27. Rd5 Qe7 28. Rfd3 Ba5 29. Qg4 Rc1+ 30. Kg2 Re8 31. Rd7 1-0

[Event "Victoria British Columbia-Washington m"]
[Site "Victoria"]
[Date "2019.01.19"]
[Round "3.3"]
[White "Wu, Howard"]
[Black "Vijayakumar, Advaith"]
[Result "1/2-1/2"]
[WhiteElo "2176"]
[BlackElo "1937"]
[PlyCount "116"]
[EventDate "2019.01.18"]
[EventType "team"]
[EventRounds "5"]
[EventCountry "CAN"]
[SourceTitle "EXT 2022"]
[Source "ChessBase"]
[SourceDate "2021.10.06"]
[SourceVersion "1"]
[SourceVersionDate "2021.10.06"]
[SourceQuality "1"]
[WhiteTeam "BC"]
[BlackTeam "WA"]
[WhiteTeamCountry "CAN"]
[BlackTeamCountry "CAN"]

1. Nf3 Nf6 2. g3 g6 3. Bg2 Bg7 4. 0-0 0-0 5. c4 d6 6. Nc3 e5 7. d3 Nc6 8. Bd2 h6 9. Rb1 Be6 10. b4 Ne7 11. Ne1 c6 12. b5 Qc7 13. Qa4 d5 14. bxc6 bxc6 15. cxd5 cxd5 16. Nf3 Nc6 17. Nb5 Qd7 18. Rfc1 Rfc8 19. Qa6 Rab8 20. Na3 Rxb1 21. Rxb1 Rb8 22. Rxb8+ Nxb8 23. Qb5 Qxb5 24. Nxb5 Nc6 25. Nc7 e4 26. Ne1 Bc8 27. Bc3 d4 28. Bd2 Bf5 29. Nb5 Bf8 30. h3 Bb4 31. Bxb4 Nxb4 32. dxe4 Bxe4 33. Bxe4 Nxe4 34. a3 Nc6 35. Nc2 Ng5 36. Ncxd4 Nxd4 37. Nxd4 Nxh3+ 38. Kg2 Ng5 39. Nc6 a6 40. Nb4 a5 41. Nc6 a4 42. Ne7+ Kf8 43. Nd5 Ne4 44. f3 Nd6 45. Nb6 Nb5 46. Nxa4 Nxa3 47. e4 Ke7 48. f4 Kd6 49. Nc3 Nc4 50. Kf3 g5 51. Kg4 gxf4 52. gxf4 Ke6 53. Ne2 f5+ 54. exf5+ Kf6 55. Ng3 Ne3+ 56. Kh5 Nxf5 57. Ne4+ Kf7 58. Nf2 Ng3+ 1/2-1/2

[Event "Keres Memorial 43th"]
[Site "Vancouver"]
[Date "2018.05.21"]
[Round "5"]
[White "Orlov, Georgi"]
[Black "Wu, Howard"]
[Result "1-0"]
[WhiteElo "2481"]
[BlackElo "2093"]
[PlyCount "85"]
[EventDate "2018.05.19"]
[EventType "swiss"]
[EventRounds "6"]
[EventCountry "CAN"]
[SourceTitle "EXT 2019"]
[Source "ChessBase"]
[SourceDate "2018.10.10"]
[SourceVersion "1"]
[SourceVersionDate "2018.10.10"]
[SourceQuality "1"]

1. Nf3 Nf6 2. c4 g6 3. Nc3 Bg7 4. e4 d6 5. d4 0-0 6. Be2 e5 7. 0-0 Nc6 8. d5 Ne7 9. b4 a5 10. bxa5 Rxa5 11. Nd2 b6 12. Nb3 Ra8 13. a4 Nd7 14. a5 c5 15. dxc6 Nxc6 16. Ba3 bxa5 17. Bxd6 Re8 18. Nb5 Bb7 19. Nc7 Nd4 20. Nxa8 Bxa8 21. c5 Bxe4 22. Nxd4 exd4 23. Bb5 Qg5 24. f3 Bf5 25. f4 Qd8 26. Rc1 Re3 27. Qd2 Nf6 28. Ra1 Rc3 29. Qa2 Rc2 30. Qxa5 Qxa5 31. Rxa5 Be4 32. Re1 h5 33. Bf1 d3 34. Be5 d2 35. Rd1 Nd7 36. Bxg7 Kxg7 37. Ra4 Nf6 38. Rc4 Rb2 39. c6 Bf5 40. c7 Bg4 41. c8Q Bxd1 42. Rd4 Bg4 43. Qc3 1-0

[Event "British Columbia-ch"]
[Site "Victoria"]
[Date "2017.10.06"]
[Round "1.3"]
[White "Wu, Howard"]
[Black "Gansvind, Valeriya I"]
[Result "1/2-1/2"]
[WhiteElo "2225"]
[BlackElo "2232"]
[PlyCount "58"]
[EventDate "2017.10.06"]
[EventType "tourn"]
[EventRounds "7"]
[EventCountry "CAN"]
[SourceTitle "EXT 2022"]
[Source "ChessBase"]
[SourceDate "2021.10.06"]
[SourceVersion "1"]
[SourceVersionDate "2021.10.06"]
[SourceQuality "1"]

1. e4 g6 2. d4 d6 3. c4 Bg7 4. Nc3 c6 5. Nf3 Bg4 6. Be2 Bxf3 7. Bxf3 Qb6 8. d5 Nd7 9. 0-0 Ngf6 10. Rb1 0-0 11. Be3 Qc7 12. Be2 a6 13. Qd2 Rfc8 14. Rfc1 Qd8 15. h3 cxd5 16. exd5 Nb6 17. b3 Rab8 18. a4 Nbd7 19. Ba7 Ra8 20. Bd4 a5 21. Qe3 Qf8 22. g4 Nc5 23. Bxc5 Rxc5 24. b4 axb4 25. Rxb4 Rc7 26. Rcb1 Nd7 27. Nb5 Rc5 28. Nd4 Bxd4 29. Qxd4 Rca5 1/2-1/2

[Event "Victoria-Vancouver m"]
[Site "Victoria"]
[Date "2017.01.13"]
[Round "1.2"]
[White "Wu, Howard"]
[Black "Doknjas, Joshua"]
[Result "0-1"]
[WhiteElo "2200"]
[BlackElo "2222"]
[PlyCount "68"]
[EventDate "2017.01.13"]
[EventType "team-match"]
[EventRounds "5"]
[EventCountry "CAN"]
[SourceTitle "EXT 2022"]
[Source "ChessBase"]
[SourceDate "2021.10.06"]
[SourceVersion "1"]
[SourceVersionDate "2021.10.06"]
[SourceQuality "1"]
[WhiteTeam "Victoria"]
[BlackTeam "Vancouver"]
[WhiteTeamCountry "CAN"]
[BlackTeamCountry "CAN"]

1. e4 c5 2. Nf3 d6 3. d4 cxd4 4. Nxd4 Nf6 5. Nc3 a6 6. Bg5 Nbd7 7. f4 Qc7 8. Qf3 b5 9. 0-0-0 Bb7 10. Bd3 g6 11. Rhe1 Bg7 12. Nd5 Nxd5 13. exd5 Nf6 14. Nc6 e6 15. f5 0-0 16. fxe6 fxe6 17. Qh3 e5 18. Be4 Bxc6 19. Qe6+ Rf7 20. dxc6 Nxe4 21. Rxe4 Qxc6 22. Rf1 Qd7 23. Qd5 Qb7 24. Qe6 Raf8 25. Re2 Qc8 26. Qd5 Qg4 27. Rxf7 Rxf7 28. Rf2 Qxg5+ 29. Kd1 Qe7 30. Ke2 Bf6 31. Qa8+ Kg7 32. Qxa6 Qc7 33. Qxb5 Qxc2+ 34. Ke1 Bh4 0-1

[Event "Victoria op Scheveningen"]
[Site "Victoria"]
[Date "2016.01.15"]
[Round "1.3"]
[White "Doknjas, John"]
[Black "Wu, Howard"]
[Result "1-0"]
[WhiteElo "2274"]
[BlackElo "2229"]
[PlyCount "123"]
[EventDate "2016.01.15"]
[EventType "schev"]
[EventRounds "5"]
[EventCountry "CAN"]
[SourceTitle "EXT 2022"]
[Source "ChessBase"]
[SourceDate "2021.10.06"]
[SourceVersion "1"]
[SourceVersionDate "2021.10.06"]
[SourceQuality "1"]

1. d4 d5 2. c4 e6 3. Nc3 Nf6 4. cxd5 exd5 5. Bg5 Be7 6. e3 c6 7. Bd3 0-0 8. Qc2 Re8 9. Nge2 Ne4 10. Bxe7 Qxe7 11. Bxe4 dxe4 12. Ng3 f5 13. 0-0 Be6 14. f3 Qg5 15. Rae1 exf3 16. Rxf3 Rf8 17. e4 f4 18. Ref1 Bg4 19. R3f2 Nd7 20. Qd2 Be6 21. Rxf4 Rf6 22. R4f2 Qh4 23. Rxf6 Nxf6 24. Qf4 Qxf4 25. Rxf4 b5 26. b3 a5 27. e5 Nd5 28. Nxd5 Bxd5 29. Nf5 Ra7 30. Ne3 Be6 31. Rf2 Rd7 32. Rc2 Rxd4 33. Rxc6 Kf7 34. Rc5 Rd3 35. Nf1 a4 36. Rxb5 axb3 37. axb3 Bxb3 38. Kf2 Bc4 39. Rc5 Be6 40. Ne3 h6 41. Kf3 Rd4 42. g3 Ra4 43. Rc7+ Kf8 44. Rc5 Rd4 45. h4 h5 46. Ra5 Kf7 47. Rb5 Kf8 48. Rb6 Kf7 49. Rd6 Ra4 50. Nc2 Bg4+ 51. Ke3 Ra2 52. Nd4 Ra1 53. Kf4 Ra4 54. Kg5 Ra3 55. e6+ Ke8 56. Nc6 Ra8 57. Kg6 Bf3 58. Kxg7 Bg4 59. Kf6 Rc8 60. Rd8+ Rxd8 61. Nxd8 Bf3 62. Nf7 1-0

[Event "Victoria Grand Pacific op 9th"]
[Site "Victoria"]
[Date "2015.04.05"]
[Round "5"]
[White "Pulfer, Luke"]
[Black "Wu, Howard"]
[Result "0-1"]
[WhiteElo "1984"]
[BlackElo "2225"]
[PlyCount "68"]
[EventDate "2015.04.03"]
[EventType "swiss"]
[EventRounds "6"]
[EventCountry "CAN"]
[SourceTitle "CBM 166 Extra"]
[Source "ChessBase"]
[SourceDate "2015.06.18"]
[SourceVersion "1"]
[SourceVersionDate "2015.06.18"]
[SourceQuality "1"]

1. d4 Nf6 2. c4 c5 3. d5 b5 4. cxb5 a6 5. b6 Qxb6 6. Nc3 d6 7. e4 g6 8. Bc4 Bg7 9. f4 Qb4 10. Qb3 Nbd7 11. Bd2 Nb6 12. Bd3 Qxb3 13. axb3 0-0 14. Nf3 e6 15. dxe6 Bxe6 16. 0-0 Bxb3 17. Bxa6 Bc4 18. Bxc4 Nxc4 19. Rab1 Rab8 20. Bc1 Rfe8 21. Re1 Ng4 22. Bd2 Bd4+ 23. Nxd4 cxd4 24. Nd5 Nxd2 25. Rbd1 Nxe4 26. Rxd4 f5 27. h3 Ngf6 28. Re2 Nxd5 29. Rxd5 Kf7 30. Rd3 Rb6 31. g3 Reb8 32. Rde3 Rxb2 33. Kg2 R8b3 34. Rxb3 Rxb3 0-1

[Event "Victoria Grand Pacific op 9th"]
[Site "Victoria"]
[Date "2015.04.04"]
[Round "4"]
[White "Wu, Howard"]
[Black "Doknjas, John"]
[Result "0-1"]
[WhiteElo "2225"]
[BlackElo "2293"]
[PlyCount "56"]
[EventDate "2015.04.03"]
[EventType "swiss"]
[EventRounds "6"]
[EventCountry "CAN"]
[SourceTitle "CBM 166 Extra"]
[Source "ChessBase"]
[SourceDate "2015.06.18"]
[SourceVersion "1"]
[SourceVersionDate "2015.06.18"]
[SourceQuality "1"]

1. c4 c5 2. Nc3 Nc6 3. Nf3 g6 4. g3 Bg7 5. Bg2 e6 6. 0-0 Nge7 7. d3 0-0 8. Bg5 h6 9. Bf4 d6 10. Rb1 a6 11. a3 Rb8 12. Qc1 Kh7 13. b4 cxb4 14. axb4 e5 15. Bd2 b5 16. cxb5 axb5 17. e4 Be6 18. Be3 Qd7 19. Rd1 Bg4 20. Rd2 f5 21. exf5 gxf5 22. Ra2 f4 23. gxf4 exf4 24. Bd2 Bh3 25. Qf1 Bxg2 26. Qxg2 Bxc3 27. Ng5+ hxg5 28. Bxc3 f3 0-1

[Event "British Columbia-ch"]
[Site "Victoria"]
[Date "2014.10.13"]
[Round "6.1"]
[White "Wu, Howard"]
[Black "Doknjas, John"]
[Result "1-0"]
[WhiteElo "2224"]
[BlackElo "2234"]
[PlyCount "231"]
[EventDate "2014.10.10"]
[EventType "tourn"]
[EventRounds "7"]
[EventCountry "CAN"]
[SourceTitle "EXT 2022"]
[Source "ChessBase"]
[SourceDate "2021.10.06"]
[SourceVersion "1"]
[SourceVersionDate "2021.10.06"]
[SourceQuality "1"]

1. e4 c5 2. Nf3 d6 3. d4 cxd4 4. Nxd4 Nf6 5. Nc3 a6 6. Bg5 e6 7. f4 b5 8. e5 dxe5 9. fxe5 Qc7 10. exf6 Qe5+ 11. Be2 Qxg5 12. 0-0 Qe5 13. Nf3 Bc5+ 14. Kh1 Qxf6 15. Ne4 Qe7 16. Ne5 0-0 17. Rxf7 Rxf7 18. Nxf7 Kxf7 19. Bh5+ Kg8 20. Nxc5 Ra7 21. Ne4 Rd7 22. Qe2 Rd8 23. Rf1 Rf8 24. Rxf8+ Qxf8 25. Qd3 Nc6 26. h3 Qe7 27. Qc3 Bb7 28. Nc5 Nd8 29. Nxb7 Qxb7 30. Bf3 Qd7 31. Qc5 Qd2 32. Qc7 Qg5 33. Qd7 g6 34. g3 Qc1+ 35. Qd1 Qg5 36. Kg2 Nf7 37. c3 a5 38. Qd3 b4 39. cxb4 axb4 40. Qd4 Qa5 41. Qc4 Qb6 42. Bg4 Nd8 43. h4 Qd6 44. Bf3 Qd2+ 45. Qe2 Qd6 46. Qe3 Nf7 47. a3 bxa3 48. bxa3 Ne5 49. Qc3 Nxf3 50. Kxf3 Qd1+ 51. Kf2 Qd5 52. Qb4 Qf5+ 53. Kg1 Qe5 54. Kf2 Qf5+ 55. Kg2 Qc2+ 56. Kg1 Qd1+ 57. Kf2 Qc2+ 58. Ke3 Qf5 59. a4 Qe5+ 60. Kf2 Qf5+ 61. Kg1 Qf3 62. Qb8+ Kg7 63. Qe5+ Kg8 64. Qxe6+ Kg7 65. Qe5+ Kg8 66. a5 Qd1+ 67. Kf2 Qd2+ 68. Kf3 Qd3+ 69. Kf4 Qc4+ 70. Ke3 Qb3+ 71. Kd2 Qa2+ 72. Kd3 Qb3+ 73. Qc3 Qd5+ 74. Kc2 Qg2+ 75. Kb1 Qf1+ 76. Ka2 Qe2+ 77. Ka3 Qe7+ 78. Qb4 Qa7 79. Qb6 Qe7+ 80. Ka4 Qe8+ 81. Kb4 Qe4+ 82. Kc5 Qe5+ 83. Kc6 Qe6+ 84. Kb7 Qd7+ 85. Ka8 Qd5+ 86. Ka7 Qd7+ 87. Qb7 Qd4+ 88. Kb8 Qd6+ 89. Qc7 Qb4+ 90. Ka8 Qe4+ 91. Qb7 Qc4 92. a6 Qc3 93. a7 Qc5 94. Kb8 Qe5+ 95. Kc8 Qe8+ 96. Kc7 Qe7+ 97. Kb8 Qe5+ 98. Qc7 Qb5+ 99. Kc8 Qf5+ 100. Kd8 Qf8+ 101. Kd7 Qf5+ 102. Kd6 Qf6+ 103. Kd5 Qf3+ 104. Kc5 Qc3+ 105. Kb6 Qb4+ 106. Ka6 Qa4+ 107. Kb7 Qe4+ 108. Kb8 Qb4+ 109. Ka8 Qe4+ 110. Qb7 Qf5 111. Qb3+ Kg7 112. Qc3+ Kg8 113. Qc4+ Kg7 114. Kb7 Qf3+ 115. Kb8 Qf8+ 116. Qc8 1-0

[Event "British Columbia-ch"]
[Site "Victoria"]
[Date "2014.10.12"]
[Round "5.1"]
[White "Doknjas, Joshua"]
[Black "Wu, Howard"]
[Result "1-0"]
[WhiteElo "2215"]
[BlackElo "2224"]
[PlyCount "129"]
[EventDate "2014.10.10"]
[EventType "tourn"]
[EventRounds "7"]
[EventCountry "CAN"]
[SourceTitle "EXT 2022"]
[Source "ChessBase"]
[SourceDate "2021.10.06"]
[SourceVersion "1"]
[SourceVersionDate "2021.10.06"]
[SourceQuality "1"]

1. e4 c5 2. Nf3 Nc6 3. Bb5 g6 4. 0-0 Bg7 5. Re1 e6 6. Bxc6 dxc6 7. d3 e5 8. a3 Ne7 9. b4 cxb4 10. axb4 0-0 11. Be3 b6 12. Nbd2 Be6 13. Ng5 Bd7 14. Ra6 h6 15. Ngf3 f5 16. Nc4 f4 17. Bd2 Bc8 18. Ra3 g5 19. Bc3 b5 20. Ncxe5 g4 21. Nh4 h5 22. Qa1 Qd6 23. Nc4 bxc4 24. Bxg7 Rf7 25. Be5 Qh6 26. d4 Qg5 27. g3 fxg3 28. fxg3 Be6 29. Qc1 Qxc1 30. Rxc1 Kh7 31. Rf1 Rxf1+ 32. Kxf1 Rf8+ 33. Ke2 Nc8 34. Ng2 Rf7 35. Nf4 Bd7 36. Nxh5 Kg6 37. Nf4+ Kg5 38. Kf2 Be8 39. Kg2 Rb7 40. h4+ Kh6 41. c3 Nb6 42. Bd6 Bf7 43. Bc5 Bg8 44. Bxb6 axb6 45. Ra8 Bh7 46. e5 Be4+ 47. Kf2 Re7 48. Ke3 Bf3 49. h5 b5 50. Rh8+ Kg7 51. h6+ Kxh8 52. Ng6+ Kh7 53. Nxe7 Kxh6 54. Kf4 Kg7 55. Nf5+ Kf7 56. Nh6+ Kg6 57. Nxg4 Bd5 58. Ne3 Be6 59. g4 Bf7 60. Ke4 Kg5 61. d5 cxd5+ 62. Nxd5 Be8 63. Nc7 Bc6+ 64. Kd4 Bd7 65. e6 1-0

[Event "British Columbia-ch"]
[Site "Victoria"]
[Date "2014.10.12"]
[Round "4.1"]
[White "Wu, Howard"]
[Black "Cao, Jason"]
[Result "0-1"]
[WhiteElo "2224"]
[BlackElo "2373"]
[PlyCount "80"]
[EventDate "2014.10.10"]
[EventType "tourn"]
[EventRounds "7"]
[EventCountry "CAN"]
[SourceTitle "EXT 2022"]
[Source "ChessBase"]
[SourceDate "2021.10.06"]
[SourceVersion "1"]
[SourceVersionDate "2021.10.06"]
[SourceQuality "1"]

1. e4 c5 2. Nf3 d6 3. d4 cxd4 4. Nxd4 Nf6 5. Nc3 a6 6. Bg5 Nbd7 7. Bc4 Qb6 8. Bb3 e6 9. 0-0 Be7 10. Be3 Nc5 11. f3 0-0 12. Qe2 Qc7 13. Qf2 b5 14. Rfd1 Bb7 15. Qg3 Rfd8 16. a4 b4 17. Na2 Nxb3 18. cxb3 Rac8 19. Nxb4 d5 20. Qe1 dxe4 21. Rac1 Bc5 22. Nbc6 Rd5 23. Na7 Rcd8 24. b4 e5 25. bxc5 exd4 26. Bf2 Rxc5 27. Qd2 Rxc1 28. Rxc1 Qb6 29. Qf4 Qxa7 30. Qc7 Qb8 31. Qb6 Bd5 32. Qxd4 exf3 33. Bg3 Qa8 34. Bc7 Re8 35. gxf3 Bxf3 36. Rc3 Ng4 37. Bg3 Rd8 38. Bd6 Qe4 39. Qd2 h5 40. h3 Rxd6 0-1

[Event "British Columbia-ch"]
[Site "Victoria"]
[Date "2014.10.11"]
[Round "2.1"]
[White "Wu, Howard"]
[Black "Villavieja, Butch"]
[Result "1-0"]
[WhiteElo "2224"]
[BlackElo "2226"]
[PlyCount "61"]
[EventDate "2014.10.10"]
[EventType "tourn"]
[EventRounds "7"]
[EventCountry "CAN"]
[SourceTitle "EXT 2022"]
[Source "ChessBase"]
[SourceDate "2021.10.06"]
[SourceVersion "1"]
[SourceVersionDate "2021.10.06"]
[SourceQuality "1"]

1. e4 c5 2. Nf3 d6 3. d4 cxd4 4. Nxd4 a6 5. c4 Nf6 6. Nc3 g6 7. Be2 Bg7 8. Be3 0-0 9. 0-0 Nc6 10. Qd2 Nxd4 11. Bxd4 Be6 12. Rac1 Qa5 13. Rfd1 Rfc8 14. Bxf6 exf6 15. Nd5 Qxd2 16. Rxd2 Bh6 17. Ne3 b5 18. b3 bxc4 19. Bxc4 Bxc4 20. Rxc4 Rd8 21. Rc6 Rdc8 22. Rdxd6 Bf4 23. Rxc8+ Rxc8 24. Rxa6 Rc1+ 25. Nf1 Be5 26. g3 Bd4 27. Rd6 Rd1 28. Kg2 Kf8 29. Kf3 Ke7 30. Rd5 Ke6 31. Ke2 1-0

[Event "Richmond Keres Memorial 39th"]
[Site "Richmond"]
[Date "2014.05.19"]
[Round "5.7"]
[White "Wu, Howard"]
[Black "Salcedo, Daniel"]
[Result "1-0"]
[WhiteElo "2138"]
[BlackElo "2088"]
[PlyCount "123"]
[EventDate "2014.05.17"]
[EventType "swiss"]
[EventRounds "6"]
[EventCountry "CAN"]
[SourceTitle "EXT 2022"]
[Source "ChessBase"]
[SourceDate "2021.10.06"]
[SourceVersion "1"]
[SourceVersionDate "2021.10.06"]
[SourceQuality "1"]

1. e4 d6 2. c4 Nf6 3. Nc3 c5 4. g3 Nc6 5. Bg2 g6 6. Nge2 Be6 7. d3 Qc8 8. Nd5 Bg7 9. 0-0 0-0 10. Bg5 Bh3 11. Qd2 Bxg2 12. Kxg2 Re8 13. Rac1 Nd7 14. h3 e6 15. Ndc3 a6 16. Bf4 Qc7 17. a3 Nde5 18. Be3 b6 19. f4 Nd7 20. f5 Nd4 21. fxe6 fxe6 22. Rcd1 Qb7 23. Bh6 Nxe2 24. Nxe2 Bxh6 25. Qxh6 Ne5 26. Kh2 Rf8 27. Qe3 Rf7 28. Kg2 Raf8 29. Rf4 b5 30. cxb5 axb5 31. Rdf1 Nc6 32. Rxf7 Rxf7 33. Rxf7 Qxf7 34. a4 b4 35. Qg5 e5 36. Qg4 Qe8 37. Qg5 Kg7 38. Qc1 Na5 39. Qd1 Qf7 40. Nc1 Qe6 41. Qc2 h5 42. h4 Qg4 43. Qe2 Qe6 44. Qc2 Kf7 45. Qd1 Ke7 46. Qc2 Kd7 47. Qd1 Kc6 48. Qc2 Qf7 49. Qf2 Qg8 50. Qc2 g5 51. hxg5 Qxg5 52. Ne2 h4 53. d4 exd4 54. Nxd4+ Kb6 55. Nf5 Qg8 56. Qd3 Nb3 57. Qxd6+ Ka5 58. Qd7 Qb8 59. Nd6 Nd4 60. Nb7+ Kb6 61. a5+ Ka6 62. Nxc5+ 1-0

[Event "Richmond Keres Memorial 39th"]
[Site "Richmond"]
[Date "2014.05.18"]
[Round "3.8"]
[White "Wu, Howard"]
[Black "Escandor, Manuel Omana"]
[Result "1-0"]
[WhiteElo "2138"]
[BlackElo "1820"]
[PlyCount "49"]
[EventDate "2014.05.17"]
[EventType "swiss"]
[EventRounds "6"]
[EventCountry "CAN"]
[SourceTitle "EXT 2022"]
[Source "ChessBase"]
[SourceDate "2021.10.06"]
[SourceVersion "1"]
[SourceVersionDate "2021.10.06"]
[SourceQuality "1"]

1. Nf3 d5 2. d4 Nc6 3. Bf4 h6 4. e3 Nf6 5. h3 e6 6. Bd3 Bd6 7. Bxd6 Qxd6 8. 0-0 0-0 9. Nbd2 e5 10. dxe5 Nxe5 11. Nxe5 Qxe5 12. c3 Re8 13. Nf3 Qd6 14. Qc2 Ne4 15. Rfd1 Qe7 16. c4 c6 17. Rac1 Nf6 18. a3 Be6 19. Nd4 Bd7 20. cxd5 Nxd5 21. Bc4 Nb6 22. Ba2 Qe4 23. Qe2 Rad8 24. Qh5 Qg6 25. Qxg6 1-0

[Event "British Columbia op"]
[Site "Richmond"]
[Date "2014.02.10"]
[Round "6.2"]
[White "Patterson, Roger"]
[Black "Wu, Howard"]
[Result "1/2-1/2"]
[WhiteElo "2076"]
[BlackElo "2224"]
[PlyCount "64"]
[EventDate "2014.02.08"]
[EventType "swiss"]
[EventRounds "6"]
[EventCountry "CAN"]
[SourceTitle "EXT 2022"]
[Source "ChessBase"]
[SourceDate "2021.10.06"]
[SourceVersion "1"]
[SourceVersionDate "2021.10.06"]
[SourceQuality "1"]

1. c4 Nf6 2. Nf3 c5 3. Nc3 g6 4. g3 Bg7 5. Bg2 0-0 6. 0-0 Nc6 7. d4 cxd4 8. Nxd4 Nxd4 9. Qxd4 d6 10. Qd3 Bf5 11. e4 Be6 12. Bd2 Qc8 13. Nd5 Re8 14. Rac1 Nd7 15. b3 Ne5 16. Qe3 Qd8 17. Bc3 Ng4 18. Qe2 Ne5 19. f4 Nc6 20. Bxg7 Kxg7 21. Ne3 f6 22. Kh1 Qb6 23. Nd5 Bxd5 24. cxd5 Nb4 25. Qd2 a5 26. a3 Na6 27. Rc3 Rec8 28. Rfc1 Rc5 29. Bf1 Rxc3 30. Rxc3 Nc5 31. Qc2 Kf7 32. h4 Re8 1/2-1/2

[Event "British Columbia op"]
[Site "Richmond"]
[Date "2014.02.09"]
[Round "4.2"]
[White "Wu, Howard"]
[Black "Doknjas, Joshua"]
[Result "1-0"]
[WhiteElo "2224"]
[BlackElo "1997"]
[PlyCount "67"]
[EventDate "2014.02.08"]
[EventType "swiss"]
[EventRounds "6"]
[EventCountry "CAN"]
[SourceTitle "EXT 2022"]
[Source "ChessBase"]
[SourceDate "2021.10.06"]
[SourceVersion "1"]
[SourceVersionDate "2021.10.06"]
[SourceQuality "1"]

1. c4 c5 2. Nc3 Nc6 3. Nf3 g6 4. g3 Bg7 5. Bg2 e6 6. 0-0 Nge7 7. d3 d5 8. Bf4 0-0 9. Rc1 b6 10. cxd5 exd5 11. Qd2 Be6 12. Nb5 Qd7 13. Ng5 Rac8 14. Nxe6 fxe6 15. e4 e5 16. Bg5 d4 17. Qd1 Nd8 18. Qb3+ Kh8 19. a4 Ndc6 20. Bd2 Rb8 21. Na3 Nd8 22. h4 Nf7 23. Kh2 Bh6 24. Bh3 Qd8 25. Bxh6 Nxh6 26. Qe6 Nf7 27. Nc4 Qc7 28. Qf6+ Kg8 29. Be6 Nc6 30. f4 exf4 31. Rxf4 a6 32. Rcf1 Rb7 33. Bd5 b5 34. Nd6 1-0

[Event "British Columbia op"]
[Site "Richmond"]
[Date "2014.02.08"]
[Round "2.3"]
[White "Wu, Howard"]
[Black "Soliven, Joe"]
[Result "1-0"]
[WhiteElo "2224"]
[BlackElo "1957"]
[PlyCount "147"]
[EventDate "2014.02.08"]
[EventType "swiss"]
[EventRounds "6"]
[EventCountry "CAN"]
[SourceTitle "EXT 2022"]
[Source "ChessBase"]
[SourceDate "2021.10.06"]
[SourceVersion "1"]
[SourceVersionDate "2021.10.06"]
[SourceQuality "1"]

1. e4 e5 2. Nf3 Nc6 3. Bb5 a6 4. Ba4 Nf6 5. 0-0 Nxe4 6. d4 b5 7. Bb3 d5 8. dxe5 Be6 9. Be3 Qd7 10. Nbd2 Nc5 11. Re1 Rd8 12. Bg5 Be7 13. Bxe7 Qxe7 14. Nf1 0-0 15. c3 Ne4 16. Nd4 Na5 17. f3 Nc5 18. Bc2 Nd7 19. b4 Nc4 20. Nc6 Qg5 21. Nxd8 Rxd8 22. Qc1 Qh4 23. g3 Qh5 24. f4 Ndb6 25. Qd1 Bg4 26. Qd4 Nc8 27. Ne3 Nxe3 28. Rxe3 Ne7 29. Qc5 Rd7 30. Ree1 Qh3 31. Bd1 Be6 32. Bf3 h5 33. Qf2 g6 34. Bg2 Qf5 35. Rad1 c6 36. h3 Kg7 37. Rd2 Rd8 38. Qb6 Re8 39. Qxa6 g5 40. Rf1 gxf4 41. Qb6 Qg6 42. gxf4 Qh6 43. Rdf2 Bf5 44. Qd4 Qe6 45. Kh2 Kh6 46. Rg1 Ra8 47. Qe3 Kh7 48. Bf3 Bg6 49. Qe2 Qf5 50. Bh1 Ra3 51. Rg5 Qe6 52. Qf3 d4 53. f5 Qxe5+ 54. Kg1 Kh6 55. Rxg6+ fxg6 56. cxd4 Rxf3 57. dxe5 Rxf2 58. Kxf2 gxf5 59. Ke3 Kg5 60. Kd4 Kf4 61. e6 h4 62. Bg2 Kg3 63. Bh1 Kxh3 64. Ke5 Kg4 65. Kf6 Nc8 66. Bxc6 f4 67. Bd7 Nd6 68. e7+ Kg3 69. Ke6 Ne8 70. Bxe8 h3 71. Bc6 f3 72. Bxf3 Kxf3 73. e8Q h2 74. Qxb5 1-0

[Event "British Columbia-ch"]
[Site "Vancouver"]
[Date "2013.10.11"]
[Round "1.4"]
[White "Sohal, Tanraj"]
[Black "Wu, Howard"]
[Result "1-0"]
[WhiteElo "2260"]
[BlackElo "2252"]
[PlyCount "61"]
[EventDate "2013.10.11"]
[EventType "tourn"]
[EventRounds "7"]
[EventCountry "CAN"]
[SourceTitle "EXT 2022"]
[Source "ChessBase"]
[SourceDate "2021.10.06"]
[SourceVersion "1"]
[SourceVersionDate "2021.10.06"]
[SourceQuality "1"]

1. d4 Nf6 2. c4 g6 3. Nc3 d5 4. Bg5 Ne4 5. Bh4 Nxc3 6. bxc3 dxc4 7. e3 Be6 8. Nf3 Bg7 9. Qb1 Qd5 10. Be2 Nd7 11. 0-0 Bf5 12. Qb4 c5 13. Qxc4 Be4 14. Qa4 cxd4 15. cxd4 Qf5 16. Rac1 Bc6 17. Qb4 f6 18. Rfd1 Qe4 19. Bd3 Qg4 20. h3 Qh5 21. e4 a5 22. Qa3 Nf8 23. d5 Bd7 24. e5 g5 25. g4 Qh6 26. e6 gxh4 27. exd7+ Nxd7 28. Bb5 Rd8 29. Qa4 f5 30. Bxd7+ Rxd7 31. Rc8+ 1-0